Normal view
MARC view
- Campbell R Middleton
Entry Personal Name
001 - CONTROL NUMBER
- control field: 29664
003 - CONTROL NUMBER IDENTIFIER
- control field: NUST
005 - DATE AND TIME OF LATEST TRANSACTION
- control field: 20200831142755.0
008 - FIXED-LENGTH DATA ELEMENTS
- fixed length control field: 200831|| aca||aabn | a|a d
040 ## - CATALOGING SOURCE
- Original cataloging agency: NUST
- Transcribing agency: NUST
100 ## - HEADING--PERSONAL NAME
- Personal name: Campbell R Middleton
670 ## - SOURCE DATA FOUND
- Source citation: Work cat.: (NUST): Campbell R Middleton, Bridge Monitoring: A Practical Guide, c2016
